Countries with the Most Earthquakes - Statistics

General Stats
  • This quiz has been taken 114 times
  • The average score is 7 of 9
Answer Stats
# of Earthquakes Country % Correct
61 Japan
97%
41 United States
95%
32 Afghanistan|India|Greece|Mexico
93%
157 China
89%
113 Indonesia
88%
77 Turkey
74%
44 Peru
60%
106 Iran
54%
33 Italy
45%
No matching quizzes found
Score Distribution
Percent of People with Each Score
Percentile by Number Answered
Your Score History
You have not taken this quiz